[Event "Recklinghausen"]
[Site "Recklinghausen"]
[Date "1998.07.28"]
[Round "4"]
[White "Kachiani Gersinska, Ketino"]
[Black "Pinter, Jozsef"]
[Result "1/2-1/2"]
[WhiteElo "2435"]
[BlackElo "2590"]
[Annotator "Stohl,I"]
[PlyCount "185"]
[EventDate "1998.07.25"]
[EventType "tourn"]
[EventRounds "9"]
[EventCountry "GER"]
[EventCategory "12"]
[SourceTitle "CBM 067"]
[Source "ChessBase"]
[SourceDate "1998.11.30"]
[SourceVersion "2"]
[SourceVersionDate "1998.11.01"]
[SourceQuality "1"]

1. d4 Nf6 2. c4 e6 3. g3 c5 4. d5 exd5 5. cxd5 d6 6. Nc3 g6 7. Bg2 Bg7 8. Nf3
O-O 9. O-O a6 10. a4 Nbd7 11. Bf4 $5 {An interesting move, which is certainly
no worse than the heavily played} (11. Nd2) 11... Qe7 12. h3 {[%cal Ye2e4] /\e4
} (12. a5 Rb8 13. Na4 b5 14. axb6 Nxb6 15. Nxb6 Rxb6 16. Nd2 Rb4 17. Ra4 Rxa4
18. Qxa4 Nh5 19. Nc4 Nxf4 20. gxf4 Qxe2 21. Nxd6 Bg4 22. b3 Bd4 23. h3 Bh5 24.
Qc4 Qd2 $36 {Driamin,D-Shariyazdanov,A/RUS-Cup07 Tomsk/1998/}) ({The immediate
central advance is not popular, and probably rightly so:} 12. e4 $6 Ng4 $1 13.
Nd2 Nge5 14. Be3 f5 $6 (14... Nb6 $142 $1 {[%cal Rb6c4,Re5g4] /\Nbc4,Ng4|^})
15. exf5 gxf5 16. Qc2 Nf6 17. Rfe1 Qd8 18. h3 Rb8 19. f4 Ng6 20. Nf3 h6 21.
Rab1 Ne7 22. Bf2 b5 23. axb5 axb5 24. b4 $16 {Hertneck,G-Ernst,T/Gausdal Int/
1987/}) 12... Rb8 ({Dautov, one of the greatest g3 experts, shows how to treat
the seemingly promising} 12... Nh5 13. Bg5 f6 14. Bd2 f5 15. Qc1 $1 (15. Qb3
Ne5 16. Nxe5 Bxe5 17. f4 Bg7 18. Kh2 Nf6 19. Rae1 Qd7 20. e4 fxe4 21. Nxe4 Nxe4
22. Bxe4 b5 23. axb5 axb5 24. Bc3 b4 25. Bxg7 Qxg7 $132 {Browne,W-Gurevich,D/
USA-ch/1987/}) 15... Ndf6 (15... Ne5 16. Rb1 (16. Bh6 Nxf3+ 17. Bxf3 f4 18.
Bxg7 Nxg7 19. g4 h5 20. Kg2 hxg4 21. hxg4 Bd7 $15 {Verat,L-Chabanon,J/FRA-chT/
1996/}) 16... Bd7 $5 $14 (16... Nxf3+ 17. Bxf3 Nf6 18. b4 Ne4 19. Nxe4 fxe4 20.
Bg2 b6 21. Be3 a5 22. bxc5 bxc5 23. Qc2 Ba6 24. Rb6 $16 {Gleizerov,E-Mololkin,
A/Volgograd/1995/})) (15... Rb8 16. Rb1 Nhf6 17. b4 cxb4 18. Rxb4 Nc5 19. Bh6
Bd7 20. a5 Rbe8 21. Bxg7 Kxg7 22. Qb2 h6 23. Nd2 Kh7 24. Nc4 $16 {Kachiani
Gersinska,K-Womacka,M/Schoeneck/1996/}) 16. Bh6 (16. Ng5 $5 $36) 16... Bd7 17.
a5 Rae8 18. Bxg7 Kxg7 19. Ra3 Bc8 20. Re1 Qd8 21. Nd2 Nd7 22. Nc4 Ne5 23. Nxe5
Rxe5 24. f4 Ree8 25. Nb1 Nf6 26. Nd2 Bd7 27. Qc3 Kg8 28. b4 cxb4 29. Qxb4 Bb5
30. e3 $14 {Dautov,R-Cebalo,M/Porto San Giorgio op/1997/}) (12... Re8 $142 $5
13. Re1 Qf8 14. e4 Nh5 15. Bd2 Ne5 16. Nxe5 Bxe5 17. Kh2 Bd7 18. f4 Bd4 19. Ne2
Bxb2 20. Rb1 Bg7 21. Rxb7 Bc8 22. Rb3 Nf6 23. Ng1 Nd7 $132 {Gleizerov,
E-Magerramov,E/Pavlodar/1987/}) 13. Rb1 ({About equivalent is} 13. e4 $5 Ne8
14. Re1 b5 15. axb5 axb5 16. Ra7 $5 (16. Qe2 b4 17. Nb5 Rb6 18. Na7 Bb7 19. e5
{1/2,Drasko,M-Velimirovic,D/JUG-ch/1995/}) 16... Qd8 17. Bf1 b4 18. Na4 f6 19.
b3 Ne5 20. Nxe5 fxe5 21. Be3 Nc7 22. h4 Bd7 23. Nb2 Nb5 24. Bxb5 Bxb5 25. Qg4
Qc8 26. Qxc8 Rfxc8 $14 {Sorokin,M-Hoffman,A/Buenos Aires Boca Juniors/1998/})
13... c4 $146 (13... Re8 $5 14. Re1 Nh5 15. Bg5 Qf8 16. e4 b5 17. axb5 axb5 18.
g4 Nhf6 19. Nd2 h5 20. Bxf6 Nxf6 21. g5 Nd7 22. f4 c4 23. f5 Be5 24. Nf3 Nc5
$15 {Hausner,I-Cebalo,M/Banja Luka/1981/}) (13... Nh5 14. Bg5 f6 15. Bd2 f5 16.
Qc1 $1 Ne5 17. b4 cxb4 18. Rxb4 a5 19. Rb3 Bd7 20. Bg5 Bf6 21. Bxf6 Nxf6 22.
Nd4 Rfc8 23. Qe3 Qf7 24. Rfb1 Nc4 25. Qg5 b6 26. Nc6 Bxc6 27. dxc6 d5 28. Rd1
Rxc6 29. Nxd5 $16 {[%csl Ra5,Rb6,Rf5,Rg6] ׻,<< Goldin,A-Horvath,T/EUCup Gr5/
1996/}) (13... h6 14. e4 $5 Nh5 15. Bd2 Ne5 16. Nxe5 Qxe5 17. f4 Qe7 18. Kh2 b5
19. axb5 axb5 20. b4 Qc7 21. bxc5 Qxc5 22. Na2 $16 {Dautov,R-Matthias,H/
Lippstadt/1991/}) 14. b4 $1 $36 cxb3 $6 (14... Nh5 $5 15. Bg5 $8 (15. Bd2 $2
Nxg3 $1 16. fxg3 Bxc3 $17) 15... f6 16. Bd2 f5 17. Rc1 $14) 15. Rxb3 h6 (15...
Nc5 16. Rb6 Nfe4 17. Nxe4 Nxe4 18. Qd3 Bd7 (18... g5 19. Nxg5 $1 Nxg5 20. Bxd6
Qd8 21. Rfb1 $16) 19. Nd2 $16) 16. Qc1 g5 17. Qe3 $1 Qxe3 18. Bxe3 $16 {
[%csl Rb7,Rd6][%cal Gb1b8] _|_><d6,b7,<->b,[+] Model play by White lead to a
strategical nightmare for Black.} Re8 19. Ba7 Ra8 20. Bd4 Re7 21. a5 Ne8 22.
Bxg7 Kxg7 23. h4 {White doesn't need to force g4.} (23. Nd4 $16) 23... g4 24.
Nd4 Nc5 25. Rb4 Rc7 $6 (25... Bd7 $142 $16) 26. Nd1 $1 {Very good piece play
by White.} Re7 (26... f5 27. Ne3 Kf6 28. f3 $1 $40 (28. Ndxf5 Bxf5 29. Rf4 Ng7
30. Nxf5 Nxf5 31. e4 Nb3 32. Rxf5+ Kg7 $44)) 27. Ne3 Kh7 28. Rc1 Bd7 29. Rb6
Rc8 30. Nc4 $18 Bb5 (30... Ne4 31. Rxb7 N8f6 32. Nf5 $18) 31. Nxd6 Nxd6 32.
Rxd6 Bd7 (32... Bxe2 33. Nf5 Re5 34. Rxh6+ Kg8 35. Nd6 Rc7 36. Nxf7 $1 $18) 33.
e3 h5 34. Rb6 (34. Ne2 Bf5 35. Nf4 Bg6 (35... Ne4 36. Rxc8 Nxd6 37. Rd8 Rd7 38.
Rxd7 Bxd7 39. Nxh5 $18) 36. Rb6 $18) 34... Ree8 35. Bf1 $6 (35. Ne2 $5 {
[%csl Rh5] ><h5}) 35... Kg7 36. Bg2 Na4 $5 37. Rxc8 Bxc8 38. Rb4 (38. Rd6 $5)
38... Nc5 39. Rc4 (39. Ne2 $1 $18) 39... Nd3 40. Rc7 Kf6 41. d6 $6 {White
forces matters prematurely.} (41. f4 {/\e4-e5} gxf3 $8 42. Bxf3 Bg4 $1 43. Bxg4
hxg4 44. Nc2 Re5 $132) (41. Kf1 $5 {[%cal Yf1e2,Yf2f4] /\Ke2,f4,e4}) 41... Rd8
42. d7 $6 (42. Bxb7 Bxb7 43. Rxb7 Rxd6 $16 {[%csl Rf2] <=>><f2}) (42. f4 $5 $16
) 42... Bxd7 43. Bxb7 Nb4 44. Rc4 (44. Ne2 Bb5 45. Nf4 Rd1+ 46. Kh2 Rd2 47.
Nxh5+ Kg6 48. Nf4+ Kf6 49. Kg2 Nc2 $44) 44... Nd3 45. Rc3 (45. Bxa6 Ra8 $14)
45... Ne5 $1 (45... Nb4 46. Rb3 {[%cal Rb7a6] /\Ba6+-}) 46. Rb3 (46. Bxa6 Ra8
$14) 46... Nc4 47. Bxa6 Nxa5 48. Rb6+ Be6 $8 (48... Kg7 $2 49. Rd6 Ra8 50. Bd3
$40) (48... Ke7 $2 49. Rh6 $18) 49. Rb5 (49. Nxe6 fxe6 50. Be2 $5 Rd2 51. Kf1
$14 {[%csl Ra5,Rh5][%cal Rf2f3] /\f3,><h5,פa5}) 49... Rd5 50. Rxd5 $6 {
Without the R Black's task becomes easier.} (50. Rb8 $142 $36) 50... Bxd5 51.
Ne2 Be4 52. Kf1 Bg6 53. Bb5 Nb7 54. Nf4 Nc5 55. Bc6 (55. Ke2 $5 $14) 55... Nd3
56. Nxd3 (56. Nxg6 fxg6 {><f2} 57. f3 gxf3 58. Bxf3 Ne5 $11 {and Black sets up
an unbreakable blockade, as the N always has enough squares to control e5 from.
}) 56... Bxd3+ 57. Ke1 Ke5 58. f4+ gxf3 59. Bxf3 Bg6 $11 {[%csl Rh5] With only
one weakness Black's defense is rather simple.} 60. Kd2 f6 61. Kc3 Bf7 62. Kd3
Bg6+ 63. Ke2 Kd6 64. g4 {The only try, but now it's enough for Black to give
his B for the e-pawn to draw.} hxg4 65. Bxg4 Ke7 66. Kf3 Kf7 67. Kf4 (67. e4
Bxe4+ $1 68. Kxe4 f5+ 69. Bxf5 Kg7 $11) 67... Kg7 68. Bf5 Bh5 69. Ke4 Bf7 70.
Bg4 Bb3 71. Kf5 Bc4 72. Bh5 (72. h5 Bb3 73. h6+ Kxh6 74. Kxf6 Bd5 $11) 72...
Bb3 73. Be8 Bd5 74. Kf4 Kh6 75. Kf5 Kg7 76. Kg4 Be6+ 77. Kf4 Bd5 78. Kf5 Bg2
79. Ke6 Be4 80. Ke7 Bc2 81. Bf7 Be4 82. Bh5 Bg2 83. Bg4 Be4 84. Be2 Bg2 85. Bd1
Be4 86. h5 Bg2 87. Bc2 Bf3 88. Bg6 Bg2 89. Ke6 Bf3 90. Be8 Be4 91. h6+ Kxh6 92.
Kxf6 Bg6 $1 93. Bxg6 ({To advance the pawn by interpolating the B White must
allow Black's K back into the game.} 93. Bd7 Be4 $1 (93... Kh7 $2 94. Bf5 Kh6
$8 95. e4 $18) 94. Bf5 Bc6 95. Ke5 Kg7 96. Be4 Ba4 $11) (93. Bc6 Bc2 $11)
1/2-1/2

[Event "Interzonal-14c"]
[Site "Zagreb"]
[Date "1987.??.??"]
[Round "3"]
[White "Nikolic, Predrag"]
[Black "Barlov, Dragan"]
[Result "1/2-1/2"]
[WhiteElo "2620"]
[BlackElo "2555"]
[Annotator "Stohl,I"]
[PlyCount "123"]
[EventDate "1987.08.01"]
[EventType "tourn"]
[EventRounds "17"]
[EventCountry "YUG"]
[EventCategory "12"]
[SourceTitle "CBM 004"]
[Source "ChessBase"]
[SourceDate "1988.06.01"]
[SourceVersion "1"]
[SourceVersionDate "1988.06.01"]
[SourceQuality "1"]

1. d4 Nf6 2. c4 e6 3. Nf3 c5 4. d5 exd5 5. cxd5 d6 6. Nc3 g6 7. g3 Bg7 8. Bg2
O-O 9. O-O a6 10. a4 Nbd7 11. Bf4 Qe7 12. a5 $1 b5 $6 (12... Ng4 13. Na4 $5 $14
) (12... Rb8) (12... Ne8) 13. axb6 Nxb6 14. e4 $1 (14. Nd2 $6 {/\Nd2-b3-a5} Rb8
15. Nb3 Nc4 16. Ra4 Nb6 17. Ra2 Nc4 18. Qd3 Nd7 19. Qxc4 Rb4 20. Qd3 Rxb3 $10)
14... Ng4 15. h3 Ne5 16. Nxe5 dxe5 (16... Bxe5 17. Bxe5 Qxe5 18. f4 Qd4+ 19.
Qxd4 cxd4 20. Na4 $16) 17. Be3 $16 {><a6,c5,Bg7} Nc4 18. Bc1 Bd7 (18... Nd6 19.
b3 {/\Ba3|^}) 19. Qc2 Rfc8 20. Rd1 Nd6 21. Bf1 c4 22. Na4 Qd8 23. Be3 Rcb8 24.
Nc5 Bb5 25. Ra2 Qc8 26. h4 Bf8 27. Qc3 (27. Rda1 Nf5 $1 $14) 27... Qg4 28. Re1
Re8 29. Bg2 Qc8 30. Kh2 h5 31. Qc2 Nb7 $1 32. Na4 Qc7 33. Bf1 Nc5 $14 34. Nxc5
Bxc5 35. Bxc5 Qxc5 36. Ra3 Qb4 37. Rc1 Rec8 38. Rc3 Kg7 39. Qb1 {/\b3} (39.
Bxc4 Bxc4 40. Rxc4 Rxc4 41. Qxc4 Qxb2 42. Rc2 Qb6 $14) 39... Rab8 40. Qa2 (40.
b3 Qc5 $132) 40... Rd8 41. Kg2 (41. R1c2 Ba4 $1 42. Rxc4 Bxc2 43. Rxb4 Rxb4
$132) 41... Rdc8 42. Be2 Rc7 43. Qa3 a5 44. Qa2 a4 45. R1c2 Rbc8 46. Qa3 Qc5
47. d6 Rd7 48. Bxc4 Qxa3 49. bxa3 Bxc4 50. Rxc4 Rxc4 51. Rxc4 Rxd6 52. Rxa4 Rd3
$44 53. Ra5 Kf6 54. a4 Ra3 55. Ra6+ Kg7 56. Ra7 Kf6 57. a5 Kg7 58. a6 Kf6 59.
Kf1 Ra2 60. Kg1 Ra4 $1 61. Kg2 (61. f3 Ra3 $10) 61... Rxe4 62. Rb7 (62. Rb7 Ra4
63. a7 Ke6 $10) 1/2-1/2

[Event "Interpolis"]
[Site "Tilburg"]
[Date "1992.10.08"]
[Round "1.1"]
[White "Smyslov, Vassily V"]
[Black "Grooten, Herman"]
[Result "1-0"]
[WhiteElo "2530"]
[BlackElo "2405"]
[Annotator "Stohl,I"]
[PlyCount "125"]
[EventDate "1992.10.08"]
[EventType "k.o."]
[EventRounds "7"]
[EventCountry "NED"]
[SourceTitle "CBM 032"]
[Source "ChessBase"]
[SourceDate "1993.02.01"]
[SourceVersion "1"]
[SourceVersionDate "1993.02.01"]
[SourceQuality "1"]

1. d4 Nf6 2. c4 e6 3. g3 c5 4. d5 exd5 5. cxd5 d6 6. Bg2 g6 7. Nf3 Bg7 8. O-O
O-O 9. Nc3 a6 10. a4 Nbd7 11. Bf4 Qe7 12. Qd2 (12. h3 Nh5 (12... h6 13. e4 $1
g5 14. Be3 Rb8 (14... Nxe4 15. Nxe4 Qxe4 16. Nxg5 $16) 15. a5 b5 16. axb6 Rxb6
17. Qc2 Ne8 18. Nd2 Rb4 19. Nb3 Ne5 20. Na5 $16 {Alburt,L-Fedorov,V,New York
op 1992,TD 92_05}) 13. Bg5 f6 14. Bd2 f5 15. Bg5 Nhf6 16. Rb1 h6 17. Bd2 Ne4
18. Nxe4 fxe4 19. Ne1 Ne5 $36 {Ulibin,M-Hall,J,Oakham 1992,CBM 30}) 12... Ng4 (
12... Rb8 13. Bh6 b5 14. Bxg7 Kxg7 15. axb5 axb5 16. b4 Nb6 $1 17. bxc5 dxc5
18. Nxb5 Nbxd5 19. Nc3 Rd8 20. Rfc1 Rb4 $10 {Margot-Wedberg,St Martin op 1991})
13. h3 {N} (13. Rab1 Nde5 14. b4 b6 15. bxc5 bxc5 16. h3 Nxf3+ 17. exf3 Ne5 18.
Rbe1 Qc7 19. Bxe5 Bxe5 20. Rxe5 $5 dxe5 21. f4 Rb8 22. d6 Qa5 23. fxe5 Be6 $15
{Korchnoi,V-Hulak,K,Wijk 1983}) 13... Nge5 14. Nxe5 Nxe5 15. a5 Bd7 (15... Rb8
16. Na4 $1 {/\} Nc4 17. Qc2 Nxa5 18. Nxc5 $16) 16. Rfb1 $1 (16. Bh6 $6 Nc4 $15
{><a5,b2}) 16... Rab8 (16... Rfb8 $142 $5 {/\} 17. Bh6 Bh8 $132) 17. Bh6 (17.
b4 $6 Rfc8 $36) 17... Nc4 18. Qf4 Bxh6 19. Qxh6 b5 (19... Qd8 20. Qf4 Ne5 21.
b4 $36) 20. axb6 Rxb6 21. b3 Ne5 22. Qe3 (22. f4 $2 Ng4 $1 23. hxg4 Qe3+ $17) (
22. Qc1 $5 $14 {/\f4+-}) 22... Rfb8 (22... Bf5 $5 23. Rb2 (23. f4 $2 Bxb1 24.
Rxb1 Nc6 $1 $19) 23... Qf6 $132 {/\Nc4}) 23. Nd1 g5 (23... Bf5 24. Rb2 $14 {
/\f4,g4} (24. f4 $6 Bxb1 25. Rxb1 c4 $44)) 24. Qc3 (24. f4 gxf4 25. gxf4 Ng6
$13) 24... Qf6 (24... f5 $5 25. f4 gxf4 26. gxf4 Ng6 27. e3 Nh4 $132) 25. Qc1
h6 (25... h5 $5) (25... Rxb3 26. Rxb3 Rxb3 27. Rxa6 Bb5 28. Ra8+ Kg7 29. Rb8
$14) 26. Ne3 Bc8 27. Qc2 $14 Rb4 28. Ra4 $1 Rxa4 $6 (28... Kg7 $142 $14) 29.
bxa4 Rxb1+ $8 30. Qxb1 Bd7 31. Qb8+ Kg7 32. a5 {><a6,d6} Qg6 33. g4 (33. Qb6 $5
f5 (33... Bb5 34. g4 $16) 34. Qxa6 f4 35. Nc4 $16) 33... h5 $132 34. gxh5 Qf6 (
34... Qxh5 $2 35. Qxd6 $18) 35. Qb7 g4 36. hxg4 (36. Qxa6 $2 gxh3 $40) 36...
Nxg4 37. Nxg4 Bxg4 38. Qxa6 Bxh5 39. e3 (39. Qb5 $5 {/\} Qa1+ 40. Bf1 $16)
39... Qg6 (39... Qa1+ $142 40. Bf1 Bf3 $132) 40. Qf1 Bf3 41. a6 Bxd5 42. a7 $16
{o^a} Ba8 43. f3 Kf8 44. Qa1 Ke7 45. e4 {/\Qb2-b8} Qh6 46. Qc3 f5 (46... Kd7
47. e5 dxe5 48. Qxe5 Qc1+ 49. Bf1 $16) 47. exf5 Qf6 48. Qe3+ Kd7 49. Kh2 (49.
f4 $5 {/\} Qa1+ 50. Kh2 Bxg2 51. Kxg2 Qxa7 52. Qe6+ Kc6 53. f6 $18) 49... c4 (
49... Qxf5 $4 50. Bh3 $18) 50. f4 d5 (50... Qh4+ 51. Kg1 Qg4 52. Qe6+ Kc7 (
52... Kd8 53. Qxd6+ Kc8 54. Qf8+ $18) 53. Qxc4+ Kb6 54. Qd4+ $18) 51. Bh3 Kc7 (
51... d4 52. Qe6+ Qxe6 53. fxe6+ Ke7 54. Bg2 $18) 52. Qc5+ (52. Qe5+ $2 Qxe5
53. fxe5 c3 $132) 52... Qc6 53. Qxc6+ Bxc6 54. f6 $18 Kd6 (54... c3 55. Bf5 $18
) 55. Kg3 c3 56. Bf5 c2 $8 (56... d4 57. Kh4 $18 {/\Kg5-g6-g7,f7}) 57. Bxc2 Ke6
58. Kf2 Kxf6 59. Ke3 Ke6 60. Kd4 Kd6 61. Bb3 Bb7 62. f5 Ba8 63. f6 (63. f6 Ke6
64. f7 Kxf7 65. Bxd5+ $18) 1-0

[Event "Olympiad-34"]
[Site "Istanbul"]
[Date "2000.11.07"]
[Round "10.1"]
[White "Ivanchuk, Vassily"]
[Black "Topalov, Veselin"]
[Result "1/2-1/2"]
[WhiteElo "2719"]
[BlackElo "2707"]
[Annotator "Stohl,I"]
[PlyCount "86"]
[EventDate "2000.10.28"]
[EventType "team-swiss"]
[EventRounds "14"]
[EventCountry "TUR"]
[SourceTitle "EXT 2001"]
[Source "ChessBase"]
[SourceDate "2000.11.22"]
[SourceVersion "1"]
[SourceVersionDate "2000.11.22"]
[SourceQuality "1"]
[WhiteTeam "Ukraine"]
[BlackTeam "Bulgaria"]
[WhiteTeamCountry "UKR"]
[BlackTeamCountry "BUL"]

1. d4 {Bangiev} Nf6 2. c4 e6 3. Nf3 c5 4. d5 d6 5. Nc3 exd5 6. cxd5 g6 7. h3 a6
{One of the best ways to avoid the unpleasant A70 line} (7... Bg7 8. e4 O-O 9.
Bd3) 8. a4 Qe7 {Bangiev: 'Eine interessante Idee mit dem Ziel den Vorstoss 9.
e4 und damit die ganze Variante zu vermeinden.'} (8... Bg7 {Bangiev} 9. e4 {
In dieser Variante hat Weiss in der letzten Zeit gute Ergebnisse erreicht.}) 9.
g3 ({The most often played alternative is} 9. Bg5 {but even here White finds
it difficult to get a tangible edge after} Bg7 10. e3 h6 11. Bh4 O-O 12. Nd2
Nbd7 13. Be2 Ne5 14. O-O g5 15. Bg3 Bf5 16. a5 Rae8 17. Ra4 Nfd7 18. e4 Bg6 19.
Re1 Qd8 20. Nf1 c4 $1 21. Ne3 Nc5 22. Bxe5 Bxe5 23. Rxc4 Bxc3 24. Rxc3 Nxe4 25.
Rb3 Re7 $132 {Danailov,S-Marin,M/Benasque op/2000/}) 9... Bg7 10. Bg2 O-O (
10... Ne4 $5 11. Nxe4 Qxe4 12. O-O O-O 13. Nd2 Qe7 14. Nc4 Nd7 15. Bf4 Ne5 16.
Nb6 Rb8 17. Qd2 Qc7 18. a5 Bd7 19. Rac1 Bb5 20. Rfe1 Nd7 21. Nxd7 Qxd7 22. Bh6
Bxh6 23. Qxh6 f5 24. e4 Rbe8 25. exf5 Qxf5 26. Qd2 Qd3 {1/2,Atalik,S-Ionescu,C/
Balkaniad Mangalia/1992/}) 11. O-O (11. Nd2 Nbd7 12. Nc4 Ne5 13. Nb6 Rb8 14.
O-O Nfd7 15. Nxc8 Rfxc8 16. a5 b5 17. axb6 Rxb6 18. Ra4 Nf8 19. f4 Ned7 20. Qd3
Rb4 21. Rxb4 cxb4 $13 {Lipinsky,F-Cebalo,M/Bled op/1997/}) 11... Nbd7 12. Bf4 {
More active than} (12. Nd2 Nh5 $5 13. Kh2 f5 14. f4 $6 Ndf6 15. Nc4 Bd7 16. Nb6
Rae8 17. e3 Qd8 18. a5 Bb5 19. Nxb5 axb5 20. g4 $2 Nxg4+ 21. hxg4 Qh4+ 22. Kg1
fxg4 23. Bd2 g3 24. Rf3 Qh2+ 25. Kf1 Nxf4 26. exf4 Bd4 27. Be3 Bxe3 {0-1,
Arbakov,V-Milov,V/Bad Ragaz op/1994/}) 12... Rb8 (12... h6 13. e4 $5 g5 14. Be3
Rb8 (14... Nxe4 $142 15. Nxe4 Qxe4 16. Nxg5 Qg6 $13) 15. a5 b5 16. axb6 Rxb6
17. Qc2 Ne8 18. Nd2 Rb4 19. Nb3 Ne5 20. Na5 Bd7 21. f4 Nc4 22. Nxc4 Rxc4 23.
Rxa6 $16 {Alburt,L-Fedorov,V/New York/1992/}) 13. Rb1 {Bangiev: '/\b4'} Ne8 $5
$146 {[%mdl 8] A typical Benoni move, the N is better placed here, than on h5.
Bangiev: 'Ein neuer Plan an dieser Stelle, der allerdings für vielen Abspiele
der Benoni-Verteidigung typisch ist.'} (13... Nh5 14. Bg5 Bf6 (14... f6 15. Bd2
f5 16. Qc1 $14) 15. Bxf6 Nhxf6 16. Qd2 b5 17. axb5 axb5 18. b4 Ba6 19. Qa2 Rb6
20. Rfc1 Ne4 21. Nxe4 Qxe4 22. Ng5 Qe5 23. Ne4 Rc8 24. Qa5 c4 25. Qa1 f5 26.
Qxe5 dxe5 27. Nc3 e4 28. Ra1 Nf6 29. f3 $16 {[%csl Ra6,Rb5] ><b5,Ba6,Shipov,
S-Rustemov,A/Orel/1997/}) (13... h6 14. Qc1 (14. b4 {Bangiev} Nh5 15. Qc1 Nxf4
16. gxf4 $36) 14... g5 15. Bd2 Nb6 16. h4 g4 17. Nh2 Kh7 18. b4 $1 (18. Qc2+
Kh8 19. b3 Nbd7 20. Qc1 Kh7 21. Qc2+ {1/2,Itkis,B-Marin,M/Bucharest/1999/})
18... c4 19. b5 $36) 14. Qd2 {Bangiev: 'Weiss strebt danach, den Bg7
abzutauschen.'} ({Perhaps more testing was} 14. Bg5 $5 f6 15. Bf4 f5 (15... b5
16. axb5 axb5 17. b4 $16) 16. Qc1 Ne5 17. Nxe5 dxe5 $13) 14... Nb6 (14... Nc7 {
Bangiev} 15. Qe3 Qxe3 16. fxe3 Bxc3 17. bxc3 Nxd5 18. Bxd6 Nxc3 19. Rb3 Ne4 20.
Bxb8 Nxb8 21. Rc1 Nc6 $13 {1-0 Najer,E-Khomyakov,V/Moscow 1994/(58)}) 15. Bh6 (
15. e4 Bd7 (15... Bxc3 16. bxc3 Nxa4 17. e5 $40) 16. Qc2 Nc4 {[%cal Yb7b5] /
\b5<=>} (16... f5 17. Rfe1 $36 {[%cal Ge1e8] <->e})) 15... Nc4 16. Qc1 Bxh6 17.
Qxh6 Ne5 {Bangiev: 'Schwarz versucht durch den angebotenen Abtausch von
Springer, die schwarzen Felder zu stärken.'} (17... b5 $142 18. axb5 axb5 19.
b4 Nf6 $5 $132) 18. b4 (18. Nxe5 dxe5 $5 {[%cal Re8d6] /\Nd6=} (18... Qxe5 19.
Qd2 {/\b4|^})) 18... Nxf3+ 19. Bxf3 Bf5 20. e4 $2 {Very natural, but now a
clever tactical blow gives Black an advantage. Topalov exploits the
unprotected white minor pieces to win material.} (20. Rb2 cxb4 (20... Qe5 21.
Rc1 Rc8 (21... cxb4 {Bangiev} 22. Rxb4 Nf6 23. Bg2 Rfc8 24. Qd2 Bd7 $14) 22. b5
$14) 21. Rxb4 Rc8 22. Rc1 Rc5 23. g4 (23. e4 Bxh3 $1 24. Qxh3 Qf6 25. Kg2 Rxc3
26. Rxc3 Qxc3 27. Rxb7 Nf6 $11) 23... Bc8 24. Ne4 $14) (20. Rb3 $5) 20... cxb4
21. Rxb4 Bxh3 $1 {[%mdl 64]} 22. Qxh3 Qf6 $15 23. Kg2 Qxc3 24. Rfb1 Nf6 25. Qh4
$5 (25. Rxb7 Rxb7 26. Rxb7 Qd4 27. Qh4 Rc8 $17) 25... Nd7 26. Be2 (26. Rxb7
Rxb7 27. Rxb7 Nc5 28. Rb1 (28. Re7 Nd3 $40) 28... Re8 $5 $15) 26... Rfe8 $6 (
26... Nc5 $142 27. Rh1 Qg7 28. Rb6 Rfe8 $15) 27. Rxb7 Rxb7 28. Rxb7 Nc5 29. Re7
$1 Rxe7 (29... Rb8 $2 30. Qf4 $16) 30. Qxe7 Qe5 (30... Qc2 31. Qxd6 Qxe2 32.
Qxc5 Qxe4+ 33. Kg1 Qxa4 34. d6 {and it's Black who must try to scrape a draw
by giving a perpetual.}) 31. Qxe5 dxe5 32. a5 $8 Kf8 33. f4 f6 34. Kf3 Ke7 35.
Ke3 Kd6 36. Bf1 Kc7 37. Kf3 Kd6 {Black can't improve his position.} (37... Kb7
{[%cal Rc5b3] /\Nb3} 38. Bc4 Ka7 {/\Nb7} 39. d6 Kb7 40. Bg8 h6 41. Bf7 $132)
38. Bc4 Nb7 39. Bxa6 Nxa5 40. Bc8 Nb3 41. Ke3 Nc5 42. Bh3 Kc7 43. Be6 Kd6 (
43... Kd6 44. Bg8 h6 45. Bf7 $11) 1/2-1/2

[Event "Oakham YM"]
[Site "Oakham"]
[Date "1992.??.??"]
[Round "9"]
[White "Ulybin, Mikhail"]
[Black "Hall, Jesper"]
[Result "1/2-1/2"]
[WhiteElo "2585"]
[BlackElo "2370"]
[Annotator "Stohl,I"]
[PlyCount "94"]
[EventDate "1992.03.??"]
[EventType "swiss"]
[EventRounds "9"]
[EventCountry "ENG"]
[SourceTitle "CBM 030"]
[Source "ChessBase"]
[SourceDate "1992.10.01"]
[SourceVersion "1"]
[SourceVersionDate "1992.10.01"]
[SourceQuality "1"]

1. d4 Nf6 2. c4 e6 3. g3 c5 4. d5 exd5 5. cxd5 d6 6. Nc3 g6 7. Bg2 Bg7 8. Nf3
O-O 9. O-O a6 10. a4 Nbd7 11. Bf4 Qe7 (11... Ne8 12. Qd2 Nb6 13. Bh6 Nc4 14.
Qc1 Na5 15. Bxg7 Nxg7 16. Rb1 Bg4 17. b4 cxb4 18. Rxb4 Bxf3 19. Bxf3 Rc8 20.
Qa1 $14 {Adorjan,A-Mascarinas,R,Bacolod 1991-EXP 23}) 12. h3 (12. Re1 h6 $1 13.
e4 Ng4 14. a5 Nde5 15. Na4 Nxf3+ 16. Bxf3 Ne5 17. Nb6 Rb8 18. Bg2 Bd7 {Borges
Mateos,J-Ruban,V,Santa Clara 1991-CBM 26} 19. Qc2 $13) (12. a5 Ng4 $5 13. Bg5
f6 14. Bd2 b5 15. axb6 Nxb6 16. h3 Nh6 17. b4 cxb4 18. Na4 Nxa4 19. Rxa4 a5 20.
Bxb4 Ba6 $132 {Gleizerov,E-Shestoperov,A,Budapest Spring op 1990-EXP 17}) (12.
Qc2 Nh5 $5 13. Bg5 f6 14. Bd2 f5 $13) 12... Nh5 $1 (12... Ne8 $6 13. Bg5 f6 14.
Bd2 Rb8 15. Rb1 Ne5 16. Nxe5 Qxe5 17. f4 Qe7 18. e4 Bd7 19. f5 $1 $16 {(),
Petrosian,K-Jurkovic,A,Belgorod-B 1991-TD 91_03}) (12... Rb8 13. Rb1 h6 14. e4
$1 Nh5 15. Bd2 Ne5 16. Nxe5 Qxe5 17. f4 Qe7 18. Kh2 b5 19. axb5 axb5 20. b4 Qc7
21. bxc5 Qxc5 22. Na2 $16 {Dautov,R-Matthias,M,Lippstadt 1991}) 13. Bg5 f6 14.
Bd2 (14. Bc1 f5 15. Nd2 Ne5 16. f4 Nf7 17. Kh2 Bd7 18. a5 Rfe8 19. e4 fxe4 20.
Ndxe4 Nf6 21. Re1 Bb5 $13 {Verat,L-Bernard,C,Clichy 1990}) 14... f5 15. Bg5 $6
{N} (15. Qb3 Ne5 16. Nxe5 Bxe5 17. f4 Bg7 18. Kh2 Nf6 19. Rae1 Qf7 {Browne,
W-Gurevich,D,Estes Park US-ch 1987}) 15... Nhf6 16. Rb1 h6 17. Bd2 Ne4 $36 18.
Nxe4 fxe4 19. Ne1 (19. Nh4 $2 Kh7 20. Qc2 Nf6 {פh4}) 19... Ne5 20. Nc2 Nc4 $6
(20... b5 $142 $5 21. axb5 axb5 22. b4 Bd7 23. Ne3 Ra2 $15) 21. Bc1 $8 (21. Bc3
$6 e3 $17) 21... b5 22. b3 Ne5 (22... Nb6 23. Ne3 (23. axb5 $6 axb5 24. Ne3 Ra2
$36 {/\b4,Ba6}) 23... Bd7 24. a5 $5 Nc8 25. Qc2 $13) 23. Ne3 Bd7 24. axb5 axb5
25. Qc2 $132 {><e4} (25. Bxe4 $6 Bxh3 $17) 25... Nf3+ $5 26. exf3 exf3 27. Bh1
Bxh3 $44 {ץh1} 28. Rd1 (28. Qxg6 $5 Bxf1 29. Kxf1 $13 {<=>><f3}) 28... Qf7 {
/\Bd4|^} 29. Bb2 Ra2 30. Qc1 Bd7 $1 {/\g5-g4()} 31. Bxg7 Qxg7 32. Ra1 $8 Rxa1
33. Qxa1 g5 34. Qa7 (34. Qxg7+ Kxg7 35. g4 h5 $1 36. gxh5 Kh6 $44) 34... Rf7
35. Qb8+ (35. Qb6 Qe5 $13) 35... Qf8 36. Qxf8+ Kxf8 37. g4 Rf4 38. Kh2 h5 $1 $8
39. gxh5 Rh4+ 40. Kg1 (40. Kg3 $4 Rh3#) 40... g4 41. Ra1 Rxh5 $10 42. Ra7 Ke8 (
42... Ke7 $2 43. Nxg4 Rg5 44. Bxf3 $16) 43. Ra8+ (43. Rxd7 $6 Kxd7 44. Nxg4 Rh3
45. Nh2 c4 $17) 43... Ke7 44. Rg8 Kf7 45. Rd8 $10 (45. Rxg4 $2 Bxg4 46. Nxg4
Rxd5 $19) 45... Ke7 46. Rg8 Kf7 47. Rd8 Ke7 {[Stohl]} 1/2-1/2